000 00510nam a2200169Ia 4500
999 _c12900
_d12900
003 OSt
005 20201022112053.0
008 190216s9999||||xx |||||||||||||| ||und||
040 _coclc
082 _a813.52
_bLEW/C
100 _aLewis, Sinclair
_95121
245 0 _a A Collection Of English Essays /
_c Sinclair Lewis
260 _bPrentice Hall ,
_c1962.
_aUnited States Of America:
300 _a175p
650 _aEnglish Stories
942 _cBK
_2ddc
_h813.52
_iLEW/C
_k813.52
_mLEW/C